Welcome to CU Library Online Public Access Catalogue (OPAC)

AN ANTHOLOGY OF LONGER POEMS (Record no. 1702)

MARC details
000 -LEADER
fixed length control field 00390nam a22001577a 4500
005 - DATE AND TIME OF LATEST TRANSACTION
control field 20241128131811.0
008 - FIXED-LENGTH DATA ELEMENTS--GENERAL INFORMATION
fixed length control field 241128b |||||||| |||| 00| 0 eng d
020 ## - INTERNATIONAL STANDARD BOOK NUMBER
International Standard Book Number 0582348072
050 ## - LIBRARY OF CONGRESS CALL NUMBER
Classification number PN4397 ANT
245 ## - TITLE STATEMENT
Title AN ANTHOLOGY OF LONGER POEMS
260 ## - PUBLICATION, DISTRIBUTION, ETC.
Place of publication, distribution, etc. ENGLAND
Name of publisher, distributor, etc. LONGMAN GROUP LIMITED
Date of publication, distribution, etc. c1997
300 ## - PHYSICAL DESCRIPTION
Extent 288p
700 ## - ADDED ENTRY--PERSONAL NAME
Personal name T.W. MOLES
700 ## - ADDED ENTRY--PERSONAL NAME
Personal name A. R. MOON
942 ## - ADDED ENTRY ELEMENTS (KOHA)
Source of classification or shelving scheme Library of Congress Classification
Koha item type Books
Suppress in OPAC No
999 ## -
-- 1702
-- 1702
Holdings
Withdrawn status Lost status Source of classification or shelving scheme Damaged status Not for loan Collection Home library Current library Shelving location Date acquired Total checkouts Full call number Barcode Date last seen Copy number Price effective from Koha item type
    Library of Congress Classification     Fiction Business Library (Miotso) Business Library (Miotso) General stacks 04/24/2026   PN4397 ANT BSSM00003823 04/24/2026 1 04/24/2026 Books
    Library of Congress Classification     Fiction Business Library (Miotso) Business Library (Miotso) General stacks 04/24/2026   PN4397 ANT BSSM00003824 04/24/2026 2 04/24/2026 Books
    Library of Congress Classification     Fiction Business Library (Miotso) Business Library (Miotso) General stacks 04/24/2026   PN4397 ANT BSSM00003825 04/24/2026 3 04/24/2026 Books
    Library of Congress Classification     Fiction Business Library (Miotso) Business Library (Miotso) General stacks 04/24/2026   PN4397 ANT BSSM00003826 04/24/2026 4 04/24/2026 Books
    Library of Congress Classification     Fiction Undergraduate Library (Christ Temple) Undergraduate Library (Christ Temple) Fiction 11/28/2024   PN4397 ANT ulct00000408 11/28/2024 1 11/28/2024 Books
© 2023-2024 Copyright: Central University Libraries. All Rights Reserved | Created by: Mahone Tech Office